|
|
|
|
| LEADER |
01062nam a22002897a 4500 |
| 001 |
43540 |
| 003 |
BD-DhAAL |
| 005 |
20250814214532.0 |
| 008 |
241105t2005 enka|||| |||| 00| 0 eng d |
| 020 |
|
|
|a 9780340753378
|
| 020 |
|
|
|a 0340753374
|
| 040 |
|
|
|a BD-DhAAL
|c BD-DhAAL
|
| 082 |
|
|
|a 658.3124
|2 21
|
| 100 |
|
|
|a Peart, Mike.
|9 57123
|
| 245 |
|
|
|a Understanding investors in people in a week /
|c Mike Peart.
|
| 260 |
|
|
|a London :
|b Hodder & Stoughton,
|c 2005.
|
| 300 |
|
|
|a 96 pages :
|b illustrations ;
|c 20 cm.
|
| 490 |
|
|
|a In a week
|
| 541 |
|
|
|a Savar Campus Library
|e 43540
|
| 650 |
|
|
|a Employees
|x Training of
|v Handbooks, manuals, etc.
|9 55500
|
| 650 |
|
|
|a Employees Training of.
|9 57124
|
| 650 |
|
|
|a Employee motivation.
|
| 710 |
|
|
|a Institute of Management.
|
| 830 |
|
|
|a In a week
|
| 942 |
|
|
|2 ddc
|c BK
|
| 999 |
|
|
|c 47092
|d 47092
|
| 952 |
|
|
|0 0
|1 0
|2 ddc
|4 0
|6 658_312400000000000_PEA
|7 0
|9 76870
|a SCL
|b SCL
|c GEN
|d 2024-11-05
|e Savar Campus Library
|g 185.00
|l 0
|o 658.3124 PEA
|p 3020043540
|r 2024-11-05
|t 1
|w 2024-11-05
|y BK
|x Price available in register. Savar Campus Library.
|